| 000 | 00470nam a2200157 a 4500 | ||
|---|---|---|---|
| 001 | 2485 | ||
| 003 | CDMR | ||
| 005 | 20131023133402.0 | ||
| 008 | 130130s1984||||||||||||||||||||||||||||d | ||
| 040 |
_aCDMR _bcat _cCDMR |
||
| 100 | 1 |
_aCorbier, Paul _91863 |
|
| 245 | 1 | 3 |
_aLe câble en France _b: enjeux des études et bilan de l'experience des premiers réseaux câbles |
| 260 |
_aParis _c1984 _bCentre George Pompidou |
||
| 650 | 0 | 4 |
_94157 _aTelevisió per cable |
| 942 |
_cMON _2udc |
||
| 999 |
_c2485 _d2485 |
||